Upside Down Flags #2 - Statistics

General Stats
  • This quiz has been taken 49 times
  • The average score is 19 of 20
Answer Stats
Picture Answer % Correct
Austria
100%
Barbados
100%
New Zealand
100%
Vatican City
100%
Australia
98%
Bhutan
98%
Canada
98%
India
98%
Kyrgyzstan
98%
Lebanon
98%
Libya
98%
Mali
98%
Mongolia
98%
Poland
98%
Venezuela
98%
Hungary
95%
Monaco
95%
Burkina Faso
93%
Gabon
93%
Madagascar
93%
No matching quizzes found
Score Distribution
Percent of People with Each Score
Percentile by Number Answered
Your Score History
You have not taken this quiz